KOHA-Header-6

Probability and Statistical Inference (Record no. 9911)

000 -LEADER
fixed length control field 00272nam a2200109Ia 4500
100 ## - MAIN ENTRY--AUTHOR NAME
Personal name Hogg,Tanis Rao
245 #0 - TITLE STATEMENT
Title Probability and Statistical Inference
260 ## - PUBLICATION, DISTRIBUTION, ETC. (IMPRINT)
Place of publication New Delhi
Name of publisher Dorling
Year of publication 2003
300 ## - PHYSICAL DESCRIPTION
Number of Pages 654
942 ## - ADDED ENTRY ELEMENTS (KOHA)
Koha item type Books
Holdings
Withdrawn status Lost status Collection code Permanent Location Current Location Shelving location Date acquired Full call number Accession Number Koha item type
    Statistics MAJU MAJU Shelf No.A27 2019-09-14 658.848 5942 Statistics

Powered by Koha